[Event "Hastings Challengers 1977/78"]
[Site "Hastings"]
[Date "1978.01.03"]
[Round "6"]
[White "Balshan, Amikam"]
[Black "Werner, Dimo"]
[Result "1-0"]
[WhiteElo "2415"]
[BlackElo "2255"]
[PlyCount "69"]
[EventDate "1977.12.28"]
[EventType "swiss"]
[EventRounds "10"]
[EventCountry "ENG"]
[SourceTitle "BritBase"]
[SourceQuality "2"]

1. Nf3 Nf6 2. c4 g6 3. Nc3 Bg7 4. e4 d6 5. d4 O-O 6. Be2 e5 7. d5 Ne8 8. O-O
Nd7 9. Ne1 f5 10. exf5 gxf5 11. f4 c5 12. Kh1 Kh8 13. Qc2 e4 14. g4 fxg4 15.
Bxg4 Ne5 16. Bxc8 Qxc8 17. Qe2 Ng4 18. Nxe4 b5 19. Rg1 Ngf6 20. Nc3 bxc4 21.
Qxc4 Rb8 22. Nc2 Nc7 23. b3 Ng4 24. Rg2 Qf5 25. Bb2 Qxf4 26. Rxg4 Qf3+ 27. Rg2
Rf4 28. Qxf4 Qxf4 29. Rxg7 Qf3+ 30. Rg2 h6 31. Ne4+ Kh7 32. Nf6+ Kh8 33. Nd7+
Kh7 34. Nxb8 Nxd5 35. Kg1 1-0

[Event "Hastings Challengers 1977/78"]
[Site "Hastings"]
[Date "1978.01.03"]
[Round "6"]
[White "Seirawan, Yasser"]
[Black "Biyiasas, Peter"]
[Result "1-0"]
[WhiteElo "2400"]
[BlackElo "2450"]
[PlyCount "83"]
[EventDate "1977.12.28"]
[EventType "swiss"]
[EventRounds "10"]
[EventCountry "ENG"]
[SourceTitle "BritBase"]
[SourceQuality "2"]

1. c4 Nf6 2. Nc3 e6 3. e4 c5 4. f4 d6 5. g3 Nc6 6. Bg2 Be7 7. Nf3 O-O 8. O-O d5
9. d3 d4 10. Ne2 a6 11. e5 Ne8 12. g4 Rb8 13. Ng3 b5 14. b3 bxc4 15. bxc4 Qc7
16. Qe2 Kh8 17. Nd2 Bb7 18. Nde4 Ba8 19. g5 g6 20. Nf6 Ng7 21. Be4 Nf5 22. Qg4
Bxf6 23. exf6 Nb4 24. Qh3 Rfc8 25. a3 Nc2 26. Ra2 Nce3 27. Bxe3 Nxe3 28. Qh6
Rg8 29. Bxa8 Nxf1 30. Nxf1 Qd8 31. Be4 Qf8 32. Qh4 Rb1 33. Rf2 Qd6 34. Rf3 Rgb8
35. Rf2 Qf8 36. Kg2 R8b2 37. Nd2 Ra1 38. Nf3 Rbb1 39. Ne5 Rg1+ 40. Kh3 Rxa3 41.
Rb2 h5 42. Nxf7+ 1-0

[Event "Hastings Challengers 1977/78"]
[Site "Hastings"]
[Date "1978.01.04"]
[Round "7"]
[White "Balshan, Amikam"]
[Black "Seirawan, Yasser"]
[Result "1-0"]
[WhiteElo "2415"]
[BlackElo "2400"]
[PlyCount "99"]
[EventDate "1977.12.28"]
[EventType "swiss"]
[EventRounds "10"]
[EventCountry "ENG"]
[SourceTitle "BritBase"]
[SourceQuality "2"]

1. e4 g6 2. d4 Bg7 3. Nf3 d6 4. Nc3 Nf6 5. h3 O-O 6. Be2 Nc6 7. d5 Nb8 8. O-O
c6 9. Be3 a5 10. a4 Qc7 11. Qd2 Na6 12. Bxa6 Rxa6 13. Rab1 Bd7 14. Rfe1 Re8 15.
Bd4 e5 16. dxe6 Bxe6 17. Rbd1 Qe7 18. Be3 Nd7 19. Nd4 Ne5 20. b3 Bc8 21. f4 Nd7
22. Nf3 Ra8 23. f5 Ne5 24. Nd4 Qh4 25. Rf1 gxf5 26. exf5 d5 27. f6 Bf8 28. Rde1
Bd7 29. Nde2 Ng6 30. Bg5 Qb4 31. Kh1 Bc5 32. Qd3 Re5 33. Bd2 Qh4 34. Ng1 Bf5
35. Qf3 Bxc2 36. Rxe5 Nxe5 37. Qe2 Ng6 38. Be1 Qg5 39. Qxc2 Bd6 40. Qe2 h5 41.
Nd1 d4 42. Qe4 c5 43. Nb2 Ne5 44. Nc4 Nxc4 45. bxc4 Qc1 46. Qd5 Rd8 47. Nf3 Qf4
48. Bd2 Qg3 49. Re1 b6 50. Qxh5 1-0

[Event "Hastings Challengers 1977/78"]
[Site "Hastings"]
[Date "1978.01.06"]
[Round "9"]
[White "Gruchacz, Robert"]
[Black "Seirawan, Yasser"]
[Result "1-0"]
[WhiteElo "2400"]
[BlackElo "2400"]
[PlyCount "93"]
[EventDate "1977.12.28"]
[EventType "swiss"]
[EventRounds "10"]
[EventCountry "ENG"]
[SourceTitle "BritBase"]
[SourceQuality "2"]

1. e4 e6 2. d4 d5 3. e5 b6 4. c3 Qd7 5. a4 Ne7 6. a5 bxa5 7. Rxa5 c5 8. Ra1
Nec6 9. Nf3 a5 10. Be2 Ba6 11. O-O Qb7 12. Na3 cxd4 13. cxd4 Be7 14. Nc2 O-O
15. Nfe1 Qb6 16. Bxa6 Nxa6 17. Qg4 Kh8 18. Nf3 Rac8 19. Ne3 Nab4 20. Rd1 Qa6
21. Ne1 f5 22. exf6 Rxf6 23. N3c2 Rg6 24. Qh5 Nxc2 25. Nxc2 Qc4 26. Ne3 Qb5 27.
Nc2 Rf8 28. Ne1 a4 29. Rd3 Na5 30. Rh3 Kg8 31. Qxh7+ Kf7 32. Qh5 Rh8 33. Rf3+
Bf6 34. Qxh8 Qe2 35. Be3 Qxb2 36. Rc1 Nc4 37. Qc8 a3 38. Qd7+ Kf8 39. Qc8+ Kf7
40. Qd7+ Kf8 41. Qd8+ Kf7 42. Nd3 Rxg2+ 43. Kxg2 Nxe3+ 44. Rxe3 Qxd4 45. Rc7+
Kg6 46. Qe8+ Kg5 47. Rg3+ 1-0

[Event "Hastings Challengers 1977/78"]
[Site "Hastings"]
[Date "1978.01.06"]
[Round "9"]
[White "Ivell, Nicholas W"]
[Black "Povah, Nigel Edward"]
[Result "1-0"]
[WhiteElo "2255"]
[BlackElo "2350"]
[PlyCount "83"]
[EventDate "1977.12.28"]
[EventType "swiss"]
[EventRounds "10"]
[EventCountry "ENG"]
[SourceTitle "BritBase"]
[SourceQuality "2"]

1. e4 c5 2. Nf3 Nc6 3. Bd3 Nf6 4. c3 d5 5. e5 Ng4 6. Bb5 Bf5 7. h3 Nh6 8. d4 e6
9. dxc5 Bxc5 10. O-O Ng8 11. b4 Bb6 12. a4 a6 13. Bd3 Nge7 14. Ba3 Bxd3 15.
Qxd3 Ng6 16. Re1 Bc7 17. Nbd2 Ncxe5 18. Nxe5 Bxe5 19. Nf3 Bd6 20. Rad1 O-O 21.
c4 Rc8 22. cxd5 Nf4 23. Qd4 exd5 24. g3 Nxh3+ 25. Kg2 Ng5 26. Bb2 Qf6 27. Qxf6
gxf6 28. Nxg5 Bxb4 29. Bxf6 Bxe1 30. Rxe1 h6 31. Rh1 Rc6 32. Rxh6 Rxf6 33. Rxf6
Kg7 34. Rd6 Rb8 35. a5 d4 36. Kf3 Re8 37. Kf4 Re2 38. Ne4 Ra2 39. Rd5 Kf8 40.
Ke5 d3 41. Kf6 Ke8 42. Rxd3 1-0

[Event "Hastings Challengers 1977/78"]
[Site "Hastings"]
[Date "1978.01.07"]
[Round "10"]
[White "Seirawan, Yasser"]
[Black "Trois, Francisco R Torres"]
[Result "1-0"]
[WhiteElo "2400"]
[BlackElo "2385"]
[PlyCount "99"]
[EventDate "1977.12.28"]
[EventType "swiss"]
[EventRounds "10"]
[EventCountry "ENG"]
[SourceTitle "BritBase"]
[SourceQuality "2"]

1. c4 e5 2. Nc3 d6 3. g3 Be6 4. Nf3 c6 5. b3 Nf6 6. d4 e4 7. Ng5 Bf5 8. d5 h6
9. Nh3 Be7 10. Nf4 O-O 11. Ng2 Re8 12. Ne3 Bg6 13. Bh3 Bf8 14. O-O Nbd7 15. Qd2
c5 16. a3 a6 17. Bb2 Ne5 18. Rfc1 Qc7 19. Ncd1 Nh7 20. b4 Ng5 21. Bg2 Nd7 22.
h4 Nh7 23. Bh3 Nhf6 24. Ng2 e3 25. Ndxe3 Ne4 26. Qe1 Ne5 27. f3 Nf6 28. Qf2
cxb4 29. axb4 a5 30. bxa5 Rxa5 31. Nf4 Bh7 32. h5 Nfd7 33. Bxd7 Nxd7 34. Nf1
Rxa1 35. Bxa1 b5 36. Nd2 Be7 37. e4 Nb6 38. c5 dxc5 39. e5 Qa7 40. d6 Bf8 41.
Nb3 c4 42. Nc5 Bf5 43. g4 Bc8 44. Bd4 Qb8 45. Ne4 Na4 46. Nd5 Bb7 47. Ndf6+ Kh8
48. Nxe8 Qxe8 49. Qe3 Qa8 50. e6 1-0